<?xml version="1.0" encoding="UTF-8"?>
<record
    xmlns:xsi="http://www.w3.org/2001/XMLSchema-instance"
    xsi:schemaLocation="http://www.loc.gov/MARC21/slim http://www.loc.gov/standards/marcxml/schema/MARC21slim.xsd"
    xmlns="http://www.loc.gov/MARC21/slim">

  <leader>00280nam a2200109Ia 4500</leader>
  <controlfield tag="001">587529</controlfield>
  <controlfield tag="005">20250717113817.0</controlfield>
  <controlfield tag="008">250717s9999    xx            000 0 und d</controlfield>
  <datafield tag="245" ind1=" " ind2="0">
    <subfield code="a">X-11 &#x130;LK B&#xD6;CEKLER K&#x130;TABIM</subfield>
    <subfield code="c">CATHERINE D. HUGHES</subfield>
  </datafield>
  <datafield tag="260" ind1=" " ind2=" ">
    <subfield code="b">BETA YAYINLARI</subfield>
    <subfield code="c">2020</subfield>
  </datafield>
  <datafield tag="300" ind1=" " ind2=" ">
    <subfield code="b">75</subfield>
  </datafield>
  <datafield tag="999" ind1=" " ind2=" ">
    <subfield code="c">587529</subfield>
    <subfield code="d">587529</subfield>
  </datafield>
</record>
